<?xml version="1.0" encoding="UTF-8"?><?xml-stylesheet type="text/xsl" href="static/style.xsl"?><OAI-PMH xmlns="http://www.openarchives.org/OAI/2.0/" xmlns:xsi="http://www.w3.org/2001/XMLSchema-instance" xsi:schemaLocation="http://www.openarchives.org/OAI/2.0/ http://www.openarchives.org/OAI/2.0/OAI-PMH.xsd"><responseDate>2026-04-17T23:15:49Z</responseDate><request verb="GetRecord" identifier="oai:riubu.ubu.es:10259/9096" metadataPrefix="marc">https://riubu.ubu.es/oai/request</request><GetRecord><record><header><identifier>oai:riubu.ubu.es:10259/9096</identifier><datestamp>2024-05-01T00:05:23Z</datestamp><setSpec>com_10259.4_2554</setSpec><setSpec>com_10259.4_2542</setSpec><setSpec>com_10259.4_106</setSpec><setSpec>com_10259_2604</setSpec><setSpec>col_10259.4_2555</setSpec></header><metadata><record xmlns="http://www.loc.gov/MARC21/slim" xmlns:doc="http://www.lyncode.com/xoai" xmlns:xsi="http://www.w3.org/2001/XMLSchema-instance" xmlns:dcterms="http://purl.org/dc/terms/" xsi:schemaLocation="http://www.loc.gov/MARC21/slim http://www.loc.gov/standards/marcxml/schema/MARC21slim.xsd">
<leader>00925njm 22002777a 4500</leader>
<datafield tag="042" ind1=" " ind2=" ">
<subfield code="a">dc</subfield>
</datafield>
<datafield tag="720" ind1=" " ind2=" ">
<subfield code="a">Murillo Villar, Henar</subfield>
<subfield code="e">author</subfield>
</datafield>
<datafield tag="260" ind1=" " ind2=" ">
<subfield code="c">2024-04</subfield>
</datafield>
<datafield tag="520" ind1=" " ind2=" ">
<subfield code="a">El Volumen I está realizado por Mª del Carmen López-Rendo Rodríguez; el Volumen II por Mª José Azaustre Fernández y el Volumen III ha sido elaborado en coautoría por ambas.   Se trata de una recopilación de vínculos a diversos repositorios que albergan multitud de obras literarias y  jurídicas de Derecho romano en todas sus etapas, digitalizadas online, así como del derecho bizantino; del derecho visigodo; del derecho histórico español, sin preterir las fuentes de la etapa codificadora y la legislación vigente, incluyéndose además obras de los más relevantes comentaristas a las diferentes fuentes.</subfield>
</datafield>
<datafield tag="024" ind2=" " ind1="8">
<subfield code="a">1989-1970</subfield>
</datafield>
<datafield tag="024" ind2=" " ind1="8">
<subfield code="a">http://hdl.handle.net/10259/9096</subfield>
</datafield>
<datafield tag="024" ind2=" " ind1="8">
<subfield code="a">10.17811/ridrom.1.32.2024.667-675</subfield>
</datafield>
<datafield tag="024" ind2=" " ind1="8">
<subfield code="a">1989-1970</subfield>
</datafield>
<datafield tag="245" ind1="0" ind2="0">
<subfield code="a">Mª del Carmen López-Rendo Rodríguez y Mª José Azaustre Fernández; Fuentes del Derecho Romano online, Madrid, BOE, 2022</subfield>
</datafield>
</record></metadata></record></GetRecord></OAI-PMH>